| 000 | 00578nam a2200205Ia 4500 | ||
|---|---|---|---|
| 005 | 20250326144311.0 | ||
| 008 | 250326s9999 xx 000 0 und d | ||
| 020 | _a978-0-713-99919-8 | ||
| 037 | _aTextbook | ||
| 040 |
_aFMSL _beng _cFMSL |
||
| 041 |
_aeng _2eng |
||
| 084 |
_aX.1N48 P8 _qFMSL |
||
| 100 |
_aSachs Jeffery D _9749422 |
||
| 245 | 0 |
_aCommon wealth :Economics for a crowded planet _cSachs Jeffery D |
|
| 260 |
_aLondon _bLondon, Allen Lane _c2008 |
||
| 300 | _axiii,386 | ||
| 365 | _b695 | ||
| 942 |
_cTB _hX.1N48 P8 |
||
| 999 |
_c1303210 _d1303210 |
||